| 000 | 00559nam a2200217Ia 4500 | ||
|---|---|---|---|
| 008 | 230125s9999 xx 000 0 und d | ||
| 020 | _a9778131404607 | ||
| 041 | _aeng | ||
| 082 |
_a004.69 _bSAT/PRA |
||
| 100 |
_aSatish D, Ed. _9112818 |
||
| 245 | _aSPAM : An Introduction | ||
| 250 | _a1st Ed. | ||
| 260 |
_c2006 _bICFAI publication _aHyderabad |
||
| 300 | _a168p | ||
| 440 | _aICFAI | ||
| 500 | _aInternet;SPAM | ||
| 650 | _aComputer Management | ||
| 700 |
_aSatish D, Ed. & Prabhakar R, Ed. _9112819 |
||
| 906 | _b113 | ||
| 999 |
_c89814 _d89814 |
||